Prénom dans Harry Potter finissant par -s sauf les -us - Statistiques

Statistiques générales
  • Ce quiz a été pris 120 fois
  • Le résultat moyen est 9 sur 15
Statistiques - réponses
Nom de famille Prénom % Correct
Ombrage (sale peste!) Dolores
96%
Diggory Amos
93%
Potter James
93%
Flamel Nicolas
92%
Le Moine Gras
82%
Crivey Dennis
73%
Gaunt Elvis
72%
Doge Elphias
63%
Smith Zacharias
56%
Black Phineas
46%
Polkiss Piers
42%
Rogue Tobias
40%
Podmore Sturgis
34%
Derwent Dilys
30%
Weasley Louis
20%
Aucun quiz correspondant
Distribution des résultats
% des personnes avec chaque résultat
Percentile par nombre de réponses
Votre historique - résultats
Vous n’avez pas pris ce quiz